| 000 | 00530nam a2200181Ia 4500 | ||
|---|---|---|---|
| 003 | GCL | ||
| 008 | 140319s9999 xx 000 0 ara d | ||
| 040 |
_aGCL / _cGCL |
||
| 082 | 0 | 4 |
_a929.1 _bا ا |
| 100 | 1 | _aاحمد عبدالرضا كريم | |
| 245 | 1 | 0 |
_aالانساب المنقطعة دراسة موثقة / _cاحمد عبدالرضا كريم |
| 300 | _a474 ص | ||
| 490 | _a | ||
| 650 | 0 | 4 | _aالتراجم |
| 650 | 0 | 4 | _aالانساب العربية |
| 650 | 0 | 4 | _aالانساب والاعراق |
| 942 |
_2ddc _cBK |
||
| 999 |
_c52319 _d52319 |
||